000 00673nam a2200217Ia 4500
001 7523
003 GE_BSU
008 181216s||||||||xx |||||||||||||| ||und||
040 _cGE_BSU
080 _a697.1(035.5)
100 _aЗахаренко,С.Е. Захаренко,Ю.С. Пищиков,М.А.
245 _aСправочник:строителя тепловых сетей.
245 _cРед. А.А.Скварцов.
260 _aМ.-Л.
260 _bЭнергия.
260 _c1967.
300 _a400стр. с илл. 22см.
300 _eтабл.
653 _aСправочник:строителя тепловых сетей.
942 _cBK
999 _c40879
_d40879